[Event "2. liga D 17/18, Snezka Nachod-Hradec Kralove B"]
[Site ""]
[Date "2017.11.19"]
[Round "3.7"]
[White "Novotny, Jan"]
[Black "Roskova, Katerina"]
[WhiteElo "1921"]
[BlackElo "1943"]
[Result "1-0"]
[PlyCount "45"]

1. e4 c5 2. Nf3 e6 3. d4 cxd4 4. Nxd4 a6 5. Be3 Nf6 6. Bd3 Nc6 7. Nxc6 bxc6 8.
O-O d5 9. Nd2 Be7 10. Qe2 O-O 11. e5 Nd7 12. f4 Nc5 13. Bxh7+ Kxh7 14. Qh5+ Kg8
15. Rf3 f6 16. Rh3 fxe5 17. Nf3 Rf5 18. Qh7+ Kf8 19. Nxe5 Rxe5 20. fxe5 Ke8 21.
Qxg7 Bf8 22. Qg6+ Kd7 23. Rh7+ 1-0

[Event "2. liga D 17/18, Snezka Nachod-Hradec Kralove B"]
[Site ""]
[Date "2017.11.19"]
[Round "3.8"]
[White "Marek, Petr"]
[Black "Pinkava, Josef"]
[WhiteElo "1955"]
[BlackElo "1862"]
[Result "1-0"]
[PlyCount "39"]

1. e4 c5 2. Nc3 Nc6 3. f4 d6 4. Nf3 g6 5. Bc4 Bg7 6. d3 a6 7. a4 e6 8. O-O Nge7
9. f5 O-O 10. Bg5 f6 11. fxg6 hxg6 12. Bh4 d5 13. Bb3 Na5 14. Ba2 b6 15. Qe1
Qd7 16. e5 Nf5 17. Bxf6 Bxf6 18. exf6 Rxf6 19. Qe5 Qg7 20. Nxd5 1-0

[Event "2. liga D 17/18, CHS Chotebor-Hradec Kralove B"]
[Site ""]
[Date "2017.12.03"]
[Round "4.1"]
[White "Vyprachticky, David"]
[Black "Safarik, Jakub"]
[WhiteElo "2246"]
[BlackElo "2186"]
[Result "1-0"]
[PlyCount "49"]

1. Nf3 Nf6 2. g3 c5 3. c4 d5 4. cxd5 Nxd5 5. Nc3 Nc6 6. Bg2 Nc7 7. d3 e5 8. Nd2
Bd7 9. O-O Be7 10. Nc4 f6 11. f4 O-O 12. fxe5 fxe5 13. Rxf8+ Bxf8 14. Be3 b5
15. Bxc6 Bxc6 16. Nxe5 Qe7 17. Bf4 Be8 18. Nf3 Kh8 19. a4 b4 20. Ne4 Rd8 21.
Bg5 Qxe4 22. dxe4 Rxd1+ 23. Rxd1 Bxa4 24. Ra1 Bc6 25. Rxa7 1-0

[Event "2. liga D 17/18, CHS Chotebor-Hradec Kralove B"]
[Site ""]
[Date "2017.12.03"]
[Round "4.2"]
[White "Ringel, Zbynek"]
[Black "Riha, Vojtech"]
[WhiteElo "2255"]
[BlackElo "2138"]
[Result "1/2-1/2"]
[PlyCount "129"]

1. e4 c5 2. Nf3 Nc6 3. Bb5 g6 4. Bxc6 bxc6 5. d3 Bg7 6. O-O e5 7. a3 a5 8. Be3
d6 9. Nbd2 Nf6 10. b4 axb4 11. axb4 Rxa1 12. Qxa1 cxb4 13. Qa4 Qc7 14. Qxb4 O-O
15. Bb6 Qd7 16. Rb1 Nh5 17. Nc4 c5 18. Qb5 Qxb5 19. Rxb5 Ba6 20. Ra5 Bxc4 21.
dxc4 Nf6 22. Nd2 Bh6 23. Nb3 Nxe4 24. Bc7 Rc8 25. Ra7 Bf8 26. f3 Ng5 27. Nd2
Ne6 28. Ba5 Nd4 29. Ne4 Nxc2 30. Kf2 Na3 31. Bc7 Nxc4 32. Ke2 Be7 33. Nc3 e4
34. fxe4 Bd8 35. Nd5 Kf8 36. Ra4 Bxc7 37. Rxc4 Bd8 38. Ra4 Rb8 39. Ra7 Kg7 40.
Rd7 Bg5 41. Rxd6 Rb2+ 42. Kf3 c4 43. Rc6 Rc2 44. h3 Bd2 45. e5 Rc1 46. Rc7 Re1
47. Rxc4 Rxe5 48. Rd4 Bg5 49. Rd3 h5 50. Nc3 h4 51. Ne4 Rf5+ 52. Ke2 Be7 53.
Rd7 Kf8 54. Rb7 Ra5 55. Ke3 Ra3+ 56. Kf4 f5 57. Nd2 Rg3 58. Nc4 Rxg2 59. Ke5
Re2+ 60. Kd5 f4 61. Ne5 Rd2+ 62. Ke4 Re2+ 63. Kd5 Rd2+ 64. Ke4 Re2+ 65. Kd5
1/2-1/2

[Event "2. liga D 17/18, CHS Chotebor-Hradec Kralove B"]
[Site ""]
[Date "2017.12.03"]
[Round "4.3"]
[White "Tuma, Jiri"]
[Black "Nemec, Zbynek"]
[WhiteElo "2261"]
[BlackElo "2194"]
[Result "1-0"]
[PlyCount "155"]

1. e4 e6 2. Nf3 d5 3. e5 c5 4. b4 cxb4 5. d4 Ne7 6. a3 Nf5 7. axb4 Bxb4+ 8. c3
Be7 9. Bd3 O-O 10. g4 Nh4 11. Nxh4 Bxh4 12. g5 Bxg5 13. Qh5 h6 14. Ba3 f5 15.
Bxf8 Qxf8 16. Na3 Bd7 17. O-O Be7 18. Nb1 Nc6 19. Nd2 Kh7 20. Rfb1 g6 21. Qe2
Rb8 22. Nb3 Qd8 23. Kh1 Qc7 24. Qa2 b6 25. Bb5 a5 26. Qe2 Kg7 27. Nc1 Kf7 28.
Nd3 Bg5 29. Rb2 Bd8 30. Rab1 Ra8 31. Qd1 Na7 32. Bxd7 Qxd7 33. Rxb6 Bxb6 34.
Rxb6 Nc8 35. Nc5 Nxb6 36. Nxd7 Nxd7 37. Qa4 Ke7 38. Qa3+ Kf7 39. Qa4 Ra7 40. h4
Ke7 41. c4 dxc4 42. Qxc4 a4 43. d5 a3 44. Qd4 Ra6 45. Qb4+ Kd8 46. Qb7 Rb6 47.
Qa8+ Rb8 48. Qxa3 Rb6 49. Qa8+ Rb8 50. Qa5+ Ke7 51. d6+ Ke8 52. f4 Rc8 53. Kg2
Rb8 54. Kf2 Rc8 55. Ke2 Rb8 56. Qc7 Ra8 57. Qc4 Kf7 58. Qc6 Rd8 59. Qb7 Ke8 60.
Qb3 Kf7 61. Qc4 Rb8 62. Kd1 Ra8 63. Qc6 Rd8 64. Qb7 Ke8 65. Qf3 Kf7 66. Kd2 Rc8
67. Qb7 Rd8 68. Kc3 Ke8 69. Qg2 Kf7 70. Kb4 Rb8+ 71. Ka5 Rc8 72. Ka6 Rb8 73.
Ka7 Rc8 74. h5 g5 75. fxg5 hxg5 76. Qxg5 Nxe5 77. Qe7+ Kg8 78. Qxe6+ 1-0

[Event "2. liga D 17/18, CHS Chotebor-Hradec Kralove B"]
[Site ""]
[Date "2017.12.03"]
[Round "4.4"]
[White "Novak, Radomir"]
[Black "Vala, Filip"]
[WhiteElo "2129"]
[BlackElo "2224"]
[Result "0-1"]
[PlyCount "164"]

1. d4 Nf6 2. c4 g6 3. Nc3 Bg7 4. e4 d6 5. Be2 O-O 6. Nf3 e5 7. d5 a5 8. O-O Na6
9. Ne1 Nc5 10. f3 Nfd7 11. Be3 f5 12. Nd3 b6 13. a3 Nf6 14. Nxc5 bxc5 15. Rb1
f4 16. Bf2 g5 17. b4 axb4 18. axb4 cxb4 19. Rxb4 Rf7 20. Qb1 g4 21. Rb8 Rxb8
22. Qxb8 g3 23. hxg3 fxg3 24. Bxg3 Nh5 25. Bf2 Rf8 26. Be3 Nf4 27. Bxf4 exf4
28. Nb5 Qh4 29. Qxc7 Ba6 30. Qb6 Bxb5 31. cxb5 Bc3 32. Qf2 Qf6 33. Rd1 Bb4 34.
Kf1 Bc5 35. Qe1 Qh6 36. Bc4 Qh1+ 37. Ke2 Qxg2+ 38. Kd3 Ra8 39. Bb3 Ra3 40. Kc4
Qxf3 41. Rd3 Be3 42. Qd1 Qxe4+ 43. Kc3 Qe5+ 44. Kc2 Qf5 45. Kb2 Bc5 46. Rc3 Ra8
47. Rxc5 dxc5 48. Qg1+ Kh8 49. Qxc5 Qe5+ 50. Qc3 Qxc3+ 51. Kxc3 f3 52. Kd2 Kg7
53. Bc4 Kf6 54. d6 Rd8 55. Ke3 Rxd6 56. Kxf3 Rd4 57. Be2 Rb4 58. Kg3 Kg5 59.
Kf3 h5 60. Bf1 h4 61. Kg2 Kf4 62. Kh3 Kg5 63. Kg2 Rb3 64. Bc4 Rc3 65. Bd5 Rc2+
66. Kh3 Rc5 67. Bc6 Rc3+ 68. Kh2 Kf4 69. Bd7 Rb3 70. Bc6 Kg5 71. Bd7 Rd3 72.
Bc6 h3 73. b6 Kh4 74. b7 Rb3 75. Bd5 Rb2+ 76. Kg1 Kg3 77. Kf1 Rb6 78. Bc6 Rb2
79. Bd5 Kf4 80. Kg1 h2+ 81. Kf1 Ke3 82. Bc6 Rb1+ 0-1

[Event "2. liga D 17/18, CHS Chotebor-Hradec Kralove B"]
[Site ""]
[Date "2017.12.03"]
[Round "4.5"]
[White "Ondracek, Ondrej"]
[Black "Solc, Filip"]
[WhiteElo "2114"]
[BlackElo "2036"]
[Result "1/2-1/2"]
[PlyCount "110"]

1. e4 c5 2. Nf3 e6 3. d4 cxd4 4. Nxd4 Nf6 5. Nc3 Nc6 6. g3 Bb4 7. Bg2 d5 8.
exd5 Nxd5 9. Nxc6 bxc6 10. Bd2 Ba6 11. Ne2 Bxd2+ 12. Qxd2 Qb6 13. c3 Rb8 14. b3
O-O 15. c4 Nf6 16. O-O c5 17. Qe3 Rfd8 18. Rfd1 Ng4 19. Qf4 Nh6 20. g4 Bb7 21.
h3 Bxg2 22. Kxg2 Rb7 23. Rxd8+ Qxd8 24. Qe5 Qc7 25. Qxc7 Rxc7 26. Rd1 Kf8 27.
Rd8+ Ke7 28. Ra8 f5 29. f3 fxg4 30. hxg4 Nf7 31. Nc3 Nd6 32. Kg3 Kf6 33. Kf4
e5+ 34. Ke3 Ke6 35. Nd5 Rb7 36. Rd8 Rd7 37. Ra8 Rb7 38. Nc3 g6 39. Na4 Rc7 40.
Rh8 Kf6 41. Rf8+ Ke7 42. Rh8 Kf6 43. Nc3 Ke6 44. Nd5 Rf7 45. Nc3 Rb7 46. Na4
Rc7 47. Rd8 Ke7 48. Rh8 Ke6 49. Kf2 Kf6 50. Nc3 Ke6 51. Kg3 Rf7 52. Na4 Rc7 53.
Nc3 Rf7 54. Rd8 Rb7 55. Rh8 Rf7 1/2-1/2

[Event "2. liga D 17/18, CHS Chotebor-Hradec Kralove B"]
[Site ""]
[Date "2017.12.03"]
[Round "4.6"]
[White "Jezbera, Jiri"]
[Black "Tuma, Jan"]
[WhiteElo "2099"]
[BlackElo "2049"]
[Result "1-0"]
[PlyCount "89"]

1. e4 c5 2. Nc3 Nc6 3. f4 g6 4. Bc4 Bg7 5. Nf3 e6 6. a4 Nge7 7. Ba2 b6 8. d3 a6
9. O-O O-O 10. Ne2 Bb7 11. c3 b5 12. Be3 d6 13. Bb3 b4 14. Qe1 Na5 15. Bc2 b3
16. Bb1 h6 17. g4 f5 18. h3 Qd7 19. Qh4 Bc6 20. Kh2 Rf7 21. Ng3 Re8 22. Rg1 Kf8
23. Nd2 Bxa4 24. d4 c4 25. Nf3 Nb7 26. d5 exd5 27. exf5 gxf5 28. gxf5 Bb5 29.
Bd4 Nc5 30. f6 Bxf6 31. Bxf6 Ng8 32. Bf5 Qb7 33. Bd4 Ne6 34. Bxe6 Rxe6 35. f5
Re8 36. f6 Qd7 37. Qf4 Re6 38. Nh5 Re4 39. Rxg8+ Kxg8 40. Rg1+ Kh7 41. Qg3 Re2+
42. Kh1 Qe8 43. Qg6+ Kh8 44. Qxh6+ Rh7 45. f7+ 1-0

[Event "2. liga D 17/18, CHS Chotebor-Hradec Kralove B"]
[Site ""]
[Date "2017.12.03"]
[Round "4.7"]
[White "Petrus, Ludek"]
[Black "Roskova, Katerina"]
[WhiteElo "1965"]
[BlackElo "1947"]
[Result "1/2-1/2"]
[PlyCount "93"]

1. e4 c5 2. Nf3 e6 3. d4 cxd4 4. Nxd4 a6 5. Nc3 Qc7 6. a3 Nf6 7. Be2 b5 8. O-O
Bb7 9. Bf3 Nc6 10. Re1 Nxd4 11. Qxd4 Bc5 12. Qd3 d6 13. Bf4 O-O 14. e5 dxe5 15.
Bxe5 Qb6 16. Qe2 Bxf3 17. Qxf3 Bd4 18. Bxd4 Qxd4 19. Rad1 Qb6 20. Re3 Rfd8 21.
Red3 h6 22. h3 Rac8 23. Ne4 Nxe4 24. Qxe4 Rxd3 25. Qxd3 Rc5 26. Qd8+ Qxd8 27.
Rxd8+ Kh7 28. c3 Kg6 29. Kf1 Kf6 30. Ke2 Ke7 31. Rd4 e5 32. Rd2 Ke6 33. Ke3 Rd5
34. Rc2 f5 35. c4 Rc5 36. Kd3 Kd6 37. b4 bxc4+ 38. Rxc4 Rd5+ 39. Ke3 a5 40.
bxa5 Rxa5 41. a4 Kd5 42. Kd3 g5 43. Rb4 h5 44. g3 Rc5 45. f3 Ra5 46. h4 gxh4
47. Rxh4 1/2-1/2

[Event "2. liga D 17/18, CHS Chotebor-Hradec Kralove B"]
[Site ""]
[Date "2017.12.03"]
[Round "4.8"]
[White "Marek, Petr"]
[Black "Linhart, Jan"]
[WhiteElo "1946"]
[BlackElo "2054"]
[Result "0-1"]
[PlyCount "110"]

1. e4 c6 2. d4 d5 3. exd5 cxd5 4. c3 Nf6 5. Bd3 Nc6 6. f4 Qc7 7. Ne2 Bg4 8. O-O
e6 9. Nd2 Bd6 10. Nf3 O-O 11. Qe1 Bf5 12. Qd1 Bxd3 13. Qxd3 Ne4 14. Nd2 f5 15.
Nf3 a6 16. Ne5 Rae8 17. a3 Na5 18. Ng3 Re7 19. Nxe4 fxe4 20. Qe2 Bxe5 21. fxe5
Ref7 22. Be3 Rf5 23. g4 R5f7 24. Rxf7 Qxf7 25. Rf1 Qxf1+ 26. Qxf1 Rxf1+ 27.
Kxf1 Nc4 28. Bc1 Na5 29. Ke2 Kf7 30. Kd1 Ke8 31. Kc2 Kd7 32. b3 Kc6 33. Bd2 b6
34. Bg5 b5 35. Bd2 Nb7 36. Bg5 Na5 37. Be7 Kd7 38. Bg5 Nc6 39. Kd2 Na5 40. Kc2
Nc6 41. Bd2 Ne7 42. c4 bxc4 43. bxc4 dxc4 44. Kc3 Kc6 45. Kxc4 Nd5 46. Bc1 Nb6+
47. Kb4 Kd5 48. Be3 Nc4 49. Bg1 a5+ 50. Kb3 e3 51. Kc3 a4 52. h4 e2 53. Bf2
Nxa3 54. Kb4 Nc2+ 55. Kxa4 e1=Q 0-1

[Event "2. liga D 17/18, Lipa-Snezka Nachod"]
[Site ""]
[Date "2017.12.03"]
[Round "4.1"]
[White "Jirasek, Pavel"]
[Black "Cerny, David"]
[WhiteElo "2293"]
[BlackElo "2059"]
[Result "1-0"]
[PlyCount "59"]

1. e4 c5 2. Nf3 d6 3. c3 Nf6 4. Bd3 Nc6 5. Bc2 g6 6. O-O Bg7 7. Re1 O-O 8. h3
e5 9. d4 exd4 10. cxd4 Re8 11. d5 Nb4 12. Nc3 Nxc2 13. Qxc2 a6 14. a4 Rb8 15.
Bf4 b5 16. axb5 axb5 17. Rad1 b4 18. Nb1 b3 19. Qd3 Nh5 20. Bh2 Bxb2 21. Nbd2
Qf6 22. Nxb3 c4 23. Qxc4 Bxh3 24. Nbd4 Bg4 25. Rd3 Nf4 26. Rde3 Rbc8 27. Nc6 h5
28. e5 dxe5 29. Bxf4 Bxf3 30. gxf3 1-0

[Event "2. liga D 17/18, Lipa-Snezka Nachod"]
[Site ""]
[Date "2017.12.03"]
[Round "4.2"]
[White "Mojzis, Jan"]
[Black "Varejcko, Josef"]
[WhiteElo "2180"]
[BlackElo "2268"]
[Result "1/2-1/2"]
[PlyCount "44"]

1. e4 c6 2. d4 g6 3. Nf3 d5 4. exd5 cxd5 5. Nc3 Nf6 6. Bb5+ Bd7 7. Bxd7+ Nbxd7
8. O-O Bg7 9. Bf4 O-O 10. Re1 Rc8 11. Qd3 Re8 12. h3 a6 13. a4 Qb6 14. Ra3 Qa5
15. Rb3 Nb6 16. Bd2 Nc4 17. Rxb7 Qd8 18. Bf4 e6 19. b3 Na5 20. Ra7 Nc6 21. Rb7
Na5 22. Ra7 Nc6 1/2-1/2

[Event "2. liga D 17/18, Lipa-Snezka Nachod"]
[Site ""]
[Date "2017.12.03"]
[Round "4.4"]
[White "Velecky, Viktor"]
[Black "Sedivy, Martin"]
[WhiteElo "2054"]
[BlackElo "2141"]
[Result "1/2-1/2"]
[PlyCount "102"]

1. d4 Nf6 2. Nf3 e6 3. Bg5 Be7 4. e3 b6 5. Bd3 Bb7 6. Nbd2 d6 7. e4 c5 8. Qe2
Nc6 9. d5 exd5 10. Bxf6 Bxf6 11. exd5+ Ne5 12. Nxe5 dxe5 13. Bb5+ Kf8 14. c4 g6
15. O-O Kg7 16. Nf3 a6 17. Ba4 b5 18. cxb5 axb5 19. Bxb5 e4 20. Qxe4 Qxd5 21.
Qf4 Qf5 22. Qxf5 gxf5 23. Rac1 Bxf3 24. gxf3 Rxa2 25. Rxc5 Rxb2 26. Rxf5 Rb8
27. Bd3 Rd8 28. Be4 Rdd2 29. Kg2 Bd4 30. Rg5+ Kh6 31. Rd5 Rxf2+ 32. Rxf2 Bxf2
33. Rd7 f5 34. Bxf5 Be3+ 35. Kh3 Kg5 36. Be4 h5 37. Rd5+ Kh6 38. Kg3 h4+ 39.
Kxh4 Rxh2+ 40. Kg3 Rd2 41. Rb5 Rd1 42. f4 Rf1 43. f5 Bd4 44. Rd5 Bf6 45. Bg2
Rg1 46. Kf2 Ra1 47. Bf1 Kg5 48. Bd3 Kf4 49. Be2 Ra2 50. Ke1 Bc3+ 51. Kd1 Rd2+
1/2-1/2

[Event "2. liga D 17/18, Lipa-Snezka Nachod"]
[Site ""]
[Date "2017.12.03"]
[Round "4.5"]
[White "Gloser, David"]
[Black "Semerak, Pavel"]
[WhiteElo "2013"]
[BlackElo "1982"]
[Result "1-0"]
[PlyCount "47"]

1. e4 e5 2. Nf3 d6 3. d4 Nd7 4. Bc4 Be7 5. Nc3 c6 6. a4 Ngf6 7. O-O O-O 8. Bb3
exd4 9. Nxd4 Nc5 10. Re1 Nxb3 11. Nxb3 Bg4 12. f3 Be6 13. Nd4 d5 14. e5 Nd7 15.
f4 c5 16. Nf3 d4 17. Ne4 Nb6 18. Nfg5 Bd5 19. Ra3 Bxe4 20. Nxe4 Qd7 21. Qh5
Rfe8 22. Rh3 h6 23. f5 Bf8 24. Bxh6 1-0

[Event "2. liga D 17/18, Lipa-Snezka Nachod"]
[Site ""]
[Date "2017.12.03"]
[Round "4.6"]
[White "Cerha, Michal"]
[Black "Smid, Jaroslav"]
[WhiteElo "2035"]
[BlackElo "1929"]
[Result "1/2-1/2"]
[PlyCount "50"]

1. d4 Nf6 2. Nf3 d5 3. c4 e6 4. Nc3 Be7 5. e3 O-O 6. Bd3 dxc4 7. Bxc4 c5 8. O-O
Nc6 9. dxc5 Bxc5 10. b3 a6 11. Bb2 b5 12. Bd3 Bb7 13. Ne4 Be7 14. Ng3 Nb4 15.
Be2 Qxd1 16. Rfxd1 Rfd8 17. Nd4 Rac8 18. a4 Nc2 19. Rac1 Nxd4 20. Bxd4 bxa4 21.
bxa4 Rxc1 22. Rxc1 Rc8 23. Rb1 Rc7 24. Be5 Rd7 25. Rb6 Nd5 1/2-1/2

[Event "2. liga D 17/18, Lipa-Snezka Nachod"]
[Site ""]
[Date "2017.12.03"]
[Round "4.7"]
[White "Szucs, Matyas"]
[Black "Zahalka, Jan"]
[WhiteElo "2034"]
[BlackElo "1911"]
[Result "1-0"]
[PlyCount "73"]

1. e4 c5 2. Ne2 d6 3. g3 Nf6 4. Bg2 g6 5. c3 Bg7 6. d4 cxd4 7. cxd4 O-O 8. Nbc3
Nc6 9. h3 Bd7 10. Be3 Rc8 11. Qd2 a6 12. O-O b5 13. Bh6 Na5 14. Bxg7 Kxg7 15.
e5 Ne8 16. Qf4 b4 17. Nd5 e6 18. Ne3 Bb5 19. Rfe1 Nc4 20. Rac1 d5 21. b3 Nxe3
22. Qxe3 Nc7 23. Nf4 Na8 24. h4 Nb6 25. Bh3 Re8 26. Kg2 Qd7 27. Qf3 Rc7 28.
Rxc7 Qxc7 29. Nxe6+ Rxe6 30. Bxe6 fxe6 31. Qf6+ Kg8 32. Qxe6+ Kf8 33. Qf6+ Ke8
34. e6 Qe7 35. Qh8+ Qf8 36. Qxh7 Nc8 37. Qc7 1-0

[Event "2. liga D 17/18, Lipa-Snezka Nachod"]
[Site ""]
[Date "2017.12.03"]
[Round "4.8"]
[White "Novotny, Jan"]
[Black "Novak, Ludek"]
[WhiteElo "1932"]
[BlackElo "1952"]
[Result "1/2-1/2"]
[PlyCount "28"]

1. Nf3 c5 2. g3 g6 3. Bg2 Bg7 4. O-O Nc6 5. c4 Nf6 6. Nc3 O-O 7. d4 cxd4 8.
Nxd4 Nxd4 9. Qxd4 d6 10. Rd1 Ng4 11. Qf4 Bh6 12. Qd4 Bg7 13. Qf4 Bh6 14. Qd4
Bg7 1/2-1/2

[Event "2. liga D 17/18, Velke Losiny-Stefanydes Policka"]
[Site "?"]
[Date "2017.12.03"]
[Round "4.1"]
[White "Holtman, Teodor"]
[Black "Cerveny, Petr"]
[Result "0-1"]
[WhiteElo "2252"]
[BlackElo "2312"]
[PlyCount "56"]
[EventDate "2017.??.??"]

1. e4 e6 2. d4 d5 3. Nd2 c5 4. Ngf3 cxd4 5. Nxd4 Nc6 6. Bb5 Bd7 7. Nxc6 bxc6 8.
Bd3 Bd6 9. O-O Ne7 10. Nf3 Ng6 11. c4 O-O 12. Be3 Qb8 13. Rb1 a5 14. h3 Bf4 15.
Bd4 Rd8 16. Qe2 e5 17. Bc5 d4 18. b4 Qc8 19. h4 Bg4 20. g3 Nxh4 21. gxh4 Bh5
22. Rfc1 Qg4+ 23. Kf1 Qh3+ 24. Ke1 Bxf3 25. Qb2 Qh1+ 26. Bf1 Bg2 27. Kd1 Qxf1+
28. Kc2 Qxf2+ 0-1

[Event "2. liga D 17/18, Velke Losiny-Stefanydes Policka"]
[Site "?"]
[Date "2017.12.03"]
[Round "4.2"]
[White "Svanda, Ondrej"]
[Black "Stratil, Ladislav"]
[Result "1/2-1/2"]
[WhiteElo "2053"]
[BlackElo "2353"]
[PlyCount "38"]
[EventDate "2017.??.??"]

1. e4 g6 2. d4 Bg7 3. Nf3 d6 4. Nc3 Nd7 5. Be2 e6 6. O-O h6 7. Be3 Ne7 8. Qd2
a6 9. a4 b6 10. Rad1 Bb7 11. Ne1 Nf6 12. f3 Qd7 13. Nd3 g5 14. Bf2 Ng6 15. e5
Nd5 16. Nxd5 Bxd5 17. exd6 cxd6 18. b3 O-O 19. c4 Bb7 1/2-1/2

[Event "2. liga D 17/18, Velke Losiny-Stefanydes Policka"]
[Site "?"]
[Date "2017.12.03"]
[Round "4.4"]
[White "Lorenc, Oldrich"]
[Black "Gnida, Patrik"]
[Result "0-1"]
[WhiteElo "2096"]
[BlackElo "2163"]
[PlyCount "62"]
[EventDate "2017.??.??"]

1. c4 e5 2. Nc3 Nc6 3. g3 f5 4. Bg2 Nf6 5. e3 Bb4 6. Nge2 O-O 7. O-O d6 8. Nd5
Ba5 9. a3 Nxd5 10. Bxd5+ Kh8 11. Qc2 Bb6 12. b4 f4 13. exf4 Bg4 14. d3 Qe8 15.
Ra2 Qh5 16. Be3 exf4 17. Nxf4 Rxf4 18. gxf4 Nd4 19. Bxd4 Bxd4 20. Kh1 Rf8 21.
f3 Bh3 22. Qe2 Bxf1 23. Qxf1 c6 24. Be6 Rxf4 25. Qg2 Rh4 26. Re2 Qh6 27. Qf1
Be5 28. f4 Rxf4 29. Rf2 Rxf2 30. Qxf2 Qxe6 31. Qxa7 h6 0-1

[Event "2. liga D 17/18, Velke Losiny-Stefanydes Policka"]
[Site "?"]
[Date "2017.12.03"]
[Round "4.5"]
[White "Valenta, Vit"]
[Black "Houska, Bronislav"]
[Result "0-1"]
[WhiteElo "2108"]
[BlackElo "2010"]
[PlyCount "108"]
[EventDate "2017.??.??"]

1. b4 c6 2. c4 a5 3. b5 cxb5 4. cxb5 d5 5. a4 Bf5 6. Bb2 Nd7 7. Nf3 h6 8. d3
Ngf6 9. Nbd2 e6 10. g3 Bc5 11. Bd4 O-O 12. Bg2 Qe7 13. O-O Rac8 14. Nb3 Bb4 15.
Bb2 Rc7 16. Rc1 Rfc8 17. Rxc7 Rxc7 18. Qa1 Ne8 19. Nfd4 Bg4 20. h3 Bh5 21. e4
Bg6 22. exd5 e5 23. b6 Nxb6 24. Nb5 Rd7 25. d6 Qe6 26. Nc1 f6 27. d4 e4 28. Ne2
Nd5 29. Nec3 Bxc3 30. Bxc3 b6 31. Bd2 Nxd6 32. Nxd6 Rxd6 33. Re1 f5 34. Bf1 Bf7
35. Bc4 Qd7 36. Bb5 Qd8 37. Rc1 Nc7 38. Be2 Ne6 39. Bb5 Kh7 40. Bc4 Nxd4 41.
Be3 Nf3+ 42. Kg2 Bxc4 43. Rxc4 Rd1 44. Rc1 Rxc1 45. Qxc1 Qd7 46. Qa1 b5 47.
axb5 Qxb5 48. Qa2 a4 49. Qf7 a3 50. g4 fxg4 51. hxg4 Nh4+ 52. Kg3 Ng6 53. Kg2
Qe2 54. Qd7 a2 0-1

[Event "2. liga D 17/18, Velke Losiny-Stefanydes Policka"]
[Site "?"]
[Date "2017.12.03"]
[Round "4.6"]
[White "Komarkova, Magdalena"]
[Black "Sohr, Vladimir"]
[Result "1-0"]
[WhiteElo "1993"]
[BlackElo "2100"]
[PlyCount "81"]
[EventDate "2017.??.??"]

1. e4 c5 2. Nf3 Nc6 3. d4 cxd4 4. Nxd4 Nf6 5. Nc3 g6 6. Be3 Bg7 7. Be2 O-O 8.
O-O d6 9. Kh1 Bd7 10. Qd2 Rc8 11. f4 a6 12. Nxc6 Bxc6 13. Bf3 b5 14. Nd5 Nxd5
15. exd5 Bd7 16. c3 Bf5 17. g4 Bd7 18. Qg2 f5 19. g5 Qa5 20. a3 Qa4 21. Rad1
Qc4 22. Rfe1 Rfe8 23. h4 a5 24. Bd4 Bxd4 25. Rxd4 Qc5 26. Qd2 Rb8 27. Kg2 Bc8
28. h5 Bb7 29. Kg3 Kg7 30. hxg6 e5 31. dxe6 Kxg6 32. Rxd6 Bxf3 33. Kxf3 Re7 34.
Qd4 Qxd4 35. cxd4 b4 36. d5 bxa3 37. bxa3 Rb5 38. Rd8 a4 39. d6 Rb3+ 40. Kf2
Rb2+ 41. Kf1 1-0

[Event "2. liga D 17/18, Velke Losiny-Stefanydes Policka"]
[Site "?"]
[Date "2017.12.03"]
[Round "4.7"]
[White "Kubicek, Antonin"]
[Black "Nespor, Jakub"]
[Result "1-0"]
[WhiteElo "2145"]
[BlackElo "1978"]
[PlyCount "73"]
[EventDate "2017.??.??"]

1. c4 g6 2. Nc3 Bg7 3. Nf3 Nf6 4. g3 O-O 5. Bg2 d6 6. O-O e5 7. d3 Nc6 8. Rb1
a5 9. a3 Bd7 10. b4 axb4 11. axb4 Qc8 12. b5 Ne7 13. Re1 Nh5 14. Qb3 Kh8 15.
Ba3 Bh3 16. Bh1 h6 17. Nd5 Nxd5 18. cxd5 f5 19. b6 f4 20. bxc7 Qxc7 21. Nh4 Kh7
22. Be4 Rf6 23. Bc1 Raf8 24. Nf3 Qc8 25. Kh1 R8f7 26. Rg1 fxg3 27. fxg3 Bf5 28.
Qa4 Bxe4 29. Qxe4 Qf5 30. Nd2 Bf8 31. g4 Qxe4+ 32. Nxe4 Nf4 33. Nxf6+ Rxf6 34.
Rf1 Nxd5 35. Rxb7+ Kg8 36. Rxf6 Nxf6 37. h3 1-0

[Event "2. liga D 17/18, Velke Losiny-Stefanydes Policka"]
[Site "?"]
[Date "2017.12.03"]
[Round "4.8"]
[White "Sodomka, Adam"]
[Black "Gawlas, Roman"]
[Result "1-0"]
[WhiteElo "1907"]
[BlackElo "1906"]
[PlyCount "72"]
[EventDate "2017.??.??"]

1. d4 d5 2. Nf3 Nf6 3. Bf4 Bf5 4. e3 e6 5. Nh4 Bg4 6. f3 Bh5 7. Qd3 Nfd7 8. g4
Bxg4 9. fxg4 Qxh4+ 10. Bg3 Qd8 11. Qb5 Qc8 12. c4 c6 13. Qb3 Be7 14. Nd2 O-O
15. O-O-O c5 16. Kb1 cxd4 17. cxd5 Nc5 18. Qa3 dxe3 19. Qxe3 Rd8 20. Bg2 Qd7
21. Nb3 Nxb3 22. Qxb3 e5 23. d6 Bf6 24. Qxb7 Qxb7 25. Bxb7 Nd7 26. Bxa8 Rxa8
27. Rhe1 g6 28. Re4 Rb8 29. b3 a5 30. Rc4 Nb6 31. Rc5 Na4 32. Rc4 Nb6 33. Rc7
a4 34. d7 axb3 35. axb3 Ra8 36. Bxe5 Rd8 1-0

[Event "2. liga D 17/18, Zdar nad Sazavou-Polabiny C"]
[Site ""]
[Date "2017.12.03"]
[Round "4.1"]
[White "Vecera, Pavel"]
[Black "Hrabusa, Matej"]
[WhiteElo "2152"]
[BlackElo "2376"]
[Result "0-1"]
[PlyCount "142"]

1. e4 c5 2. Nf3 e6 3. d4 cxd4 4. Nxd4 Nc6 5. Nc3 d6
6. Be3 a6 7. a4 Nf6 8. Be2 Be7 9. O-O O-O 10. f4 Bd7 11. Nb3 Na5 12. Qd4 Nxb3
13. cxb3 Bc6 14. b4 e5 15. Qd3 exf4 16. Rxf4 Nd7 17. Rd1 Ne5 18. Qd2 b5 19.
axb5 axb5 20. Rff1 Re8 21. Nxb5 Qb8 22. Nxd6 Rd8 23. Bc5 Ba4 24. Qd5 Bxd1 25.
Rxd1 Bxd6 26. Bxd6 Qb6+ 27. Qc5 Nd7 28. Qxb6 Nxb6 29. e5 f6 30. Kf2 fxe5 31.
Bxe5 Rxd1 32. Bxd1 Kf8 33. Bb3 Rd8 34. Ke3 Nd5+ 35. Bxd5 Rxd5 36. Ke4 Rb5 37.
Bd6+ Kf7 38. Kd4 Rg5 39. g3 Ke6 40. Bf4 Rd5+ 41. Kc4 g5 42. Be3 g4 43. b5 Rh5
44. Bg1 Kd6 45. b6 Kc6 46. Kd3 Rb5 47. Bd4 Kd6 48. Kc4 Rh5 49. b4 Kc6 50. Bg1
Re5 51. Kd3 Re1 52. Bc5 Rh1 53. Ke4 Rxh2 54. Kf5 h5 55. Kg5 Rh3 56. Bf2 Rh1 57.
Bc5 Rh2 58. Be3 Rg2 59. Bf4 Rf2 60. Bc7 Rh2 61. Kf4 Rh1 62. Kg5 Rh3 63. Kf4 Rh2
64. Kg5 Kd7 65. b5 Kc8 66. Kf4 Rb2 67. Kg5 Rxb5+ 68. Kh4 Kd7 69. Bf4 Ke6 70.
Bg5 Rxb6 71. Kxh5 Kf5 0-1

[Event "2. liga D 17/18, Zdar nad Sazavou-Polabiny C"]
[Site ""]
[Date "2017.12.03"]
[Round "4.2"]
[White "Jedlicka, Ales"]
[Black "Hamornik, Jozef"]
[WhiteElo "2220"]
[BlackElo "2111"]
[Result "1-0"]
[PlyCount "75"]

1. d4 Nf6 2. c4 c5 3. d5 b5 4. cxb5 a6 5. bxa6 Bxa6
6. Nc3 g6 7. e4 Bxf1 8. Kxf1 d6 9. g3 Bg7 10. Kg2 O-O 11. Nf3 Nbd7 12. a4 Qb6
13. Qc2 Rfb8 14. Nb5 Ra6 15. Bd2 Rba8 16. Bc3 c4 17. Nd2 Rc8 18. Bd4 Qb7 19.
Rhc1 Bh6 20. f4 e5 21. dxe6 fxe6 22. Re1 e5 23. fxe5 dxe5 24. Be3 Bf8 25. h3
Nb6 26. a5 Nbd7 27. Nc3 Bb4 28. Rf1 Rxa5 29. Rxa5 Bxa5 30. Bg5 Kg7 31. Kh2 Qb4
32. Bxf6+ Nxf6 33. Rxf6 Qc5 34. Nd5 Qd4 35. Nf3 Qd3 36. Qf2 Qxe4 37. Rf7+ Kxf7
38. Ng5+ 0-1

[Event "2. liga D 17/18, Zdar nad Sazavou-Polabiny C"]
[Site ""]
[Date "2017.12.03"]
[Round "4.3"]
[White "Fisar, Josef"]
[Black "Bujnoch, Radek"]
[WhiteElo "2062"]
[BlackElo "2223"]
[Result "1/2-1/2"]
[PlyCount "159"]

1. e4 c5 2. Nf3 Nc6 3. Bb5 g6 4. O-O Bg7 5. Re1 Nf6
6. Nc3 O-O 7. e5 Ng4 8. Bxc6 dxc6 9. h3 Nh6 10. Ne4 b6 11. Ng3 Qd5 12. b3 Nf5
13. Nxf5 Bxf5 14. d3 Rad8 15. Qe2 Qd7 16. Qe3 Be6 17. Bb2 Bd5 18. e6 Qxe6 19.
Qg5 Bf6 20. Bxf6 Qxf6 21. Qxf6 exf6 22. Re7 a5 23. Rae1 Be6 24. Nd2 Rfe8 25.
Ra7 Ra8 26. Rc7 Rec8 27. Rb7 Rab8 28. Ra7 Kf8 29. Kf1 Re8 30. Rc7 Rbc8 31. Rb7
b5 32. Ne4 Bd5 33. Rd1 Bxe4 34. dxe4 Rcd8 35. Rxd8 Rxd8 36. Ke2 Rd4 37. Ke3 a4
38. c3 axb3 39. axb3 Rd6 40. Rc7 g5 41. Ke2 Kg7 42. Rc8 h5 43. Rb8 Kh7 44. Rf8
Kg7 45. Rb8 Re6 46. Kd3 Rd6+ 47. Ke2 h4 48. Ra8 Re6 49. Kf3 f5 50. exf5 Re5 51.
Kg4 Kf6 52. Rc8 Re4+ 53. Kf3 Kxf5 54. Rxc6 Re5 55. Rb6 b4 56. cxb4 cxb4 57.
Rxb4 Kg6 58. Rb6+ f6 59. b4 Re1 60. b5 Rb1 61. g3 Rb3+ 62. Kg2 hxg3 63. f3 Kh5
64. Kxg3 f5 65. Rb8 f4+ 66. Kf2 Rb2+ 67. Ke1 Kh4 68. b6 Kxh3 69. Rg8 Kg3 70.
Rxg5+ Kxf3 71. Rg6 Rb1+ 72. Kd2 Kf2 73. Kc2 Rb5 74. Kc3 f3 75. Rf6 Ke2 76. Kc4
Rb1 77. Kc5 f2 78. Rxf2+ Kxf2 79. Kc6 Rxb6+ 80. Kxb6 1/2-1/2